000 00325nam a22001217a 4500
008 260423b |||||||| |||| 00| 0 eng d
082 _a001307
100 _aTripati, Radhavallabh
245 _aSanskrit Sahitya Samagra Itihas
_nVol 1-4
260 _aDelhi
_bNew Bharatiya Book Corporation
_c2021
300 _a558p
942 _2ddc
999 _c1285
_d1285